000 00621nam a22002417a 4500
003 UA-OsUOA
001 127165
007 ta
008 20171121b un ||||| |||| 00| 0 ukr d
100 _aМаландій О.
090 _a821.161.2
_bМ18
942 _cBK
040 _aUA-OsUOA
_bukr
_cUA-OsUOA
_dUA-OsUOA
245 _aМить вічності
_bпоезії
300 _a184 с.
955 _a3
041 _aukr
080 _a821.161.2
020 _a966-581-448-6
260 _aК.
_bЛогос
_c2003
650 7 _a82 Література. Літературознавство
_2UDC
999 _c414300
_d414300